| 000 | 01111cam a2200349 a 4500 | ||
|---|---|---|---|
| 999 |
_c2961 _d2961 |
||
| 001 | 4911911 | ||
| 003 | OSt | ||
| 005 | 20230913144340.0 | ||
| 008 | 940308s1993 enk b 000 0 eng d | ||
| 010 | _a 94127602 | ||
| 020 | _a0192829254 | ||
| 020 | _a9780192829252 | ||
| 035 | _a(OCoLC)29191748 | ||
| 040 |
_aMBE _cMBE _dDLC _dKH8 |
||
| 042 | _alccopycat | ||
| 043 | _af-sa--- | ||
| 082 | 0 | 0 |
_a822 FUG _220 |
| 100 | 1 |
_aFugard, Athol, _eauthor. |
|
| 240 | 1 | 0 |
_aPlays. _kSelections |
| 245 | 1 | 4 |
_aThe township plays / _cAthol Fugard ; edited with an introduction by Dennis Walder. |
| 260 |
_aOxford : _bOxford University Press, _c1993. |
||
| 300 |
_axxxiv, 236 p. ; _c20 cm. |
||
| 504 | _aIncludes bibliographical references. | ||
| 505 | 0 | _aNo-good Friday -- Nongogo -- The coat -- Sizwe Bansi is dead -- The island. | |
| 650 | 0 |
_aCity and town life _vDrama. |
|
| 650 | 0 |
_aBlack people _zSouth Africa _vDrama. |
|
| 650 | 0 | _aPolitical plays, South African (English) | |
| 651 | 0 |
_aSouth Africa _vDrama. |
|
| 655 | 7 |
_aPolitical plays. _2lcsh |
|
| 700 | 1 |
_aWalder, Dennis, _eeditor. |
|
| 942 |
_2ddc _cTR |
||